European Actors by Picture #3 - Statistics

General Stats
  • This quiz has been taken 60 times
  • The average score is 10 of 16
Answer Stats
Picture Answer % Correct
Daniel Craig
98%
Rowan Atkinson
98%
Hugh Grant
90%
Ian McKellen
87%
Sean Connery
83%
Patrick Stewart
79%
Gary Oldman
75%
Colin Firth
71%
Hugh Laurie
69%
Henry Cavill
67%
Michael Fassbender
62%
Christopher Lee
52%
Nikolaj Coster-Waldau
21%
Til Schweiger
12%
Franco Nero
6%
Michele Morrone
2%
No matching quizzes found
Score Distribution
Percent of People with Each Score
Percentile by Number Answered
Your Score History
You have not taken this quiz